[Event "Hamburg-ch MB"]
[Site "Hamburg"]
[Date "2014.06.12"]
[Round "6"]
[White "Bildat, Juergen"]
[Black "Schulz, Hans Juergen"]
[Result "1-0"]
[WhiteElo "2044"]
[BlackElo "1939"]
[PlyCount "223"]
[EventDate "2014.06.07"]
[EventType "swiss"]
[EventRounds "9"]
[EventCountry "GER"]
[SourceTitle "CBM 161 Extra"]
[Source "ChessBase"]
[SourceDate "2014.08.29"]
[SourceVersion "1"]
[SourceVersionDate "2014.08.29"]
[SourceQuality "1"]

1. e4 e5 2. Nf3 Nc6 3. Bb5 a6 4. Ba4 Nf6 5. 0-0 b5 6. Bb3 Be7 7. Re1 0-0 8. h3 Bb7 9. d3 d6 10. a3 Na5 11. Ba2 c5 12. Nc3 Rc8 13. Bd2 Qc7 14. Ne2 Nc6 15. Ng3 Nd4 16. Nh2 Rce8 17. c3 Nc6 18. Ng4 Bc8 19. Qf3 Kh8 20. Nf5 Nxg4 21. hxg4 Be6 22. Bd5 Bd8 23. Bxc6 Qxc6 24. Kh2 Qc7 25. Rh1 Bxf5 26. gxf5 Qe7 27. g4 g5 28. Kg2 f6 29. a4 Bb6 30. Be3 Qb7 31. axb5 axb5 32. Qh3 Re7 33. Qh6 Ref7 34. Rh3 Rg8 35. Rah1 Rgg7 36. Ra1 Rg8 37. Rh2 c4 38. Bxb6 Qxb6 39. Rd1 Qc6 40. Qh3 Ra8 41. Qe3 Ra2 42. Rd2 cxd3 43. Qxd3 Ra4 44. f3 Rd7 45. Rh1 Ra6 46. Rhd1 Kg7 47. Qc2 Qb6 48. Qb3 Qc6 49. Rd5 Rb6 50. Ra1 Rdb7 51. Rd2 Qc4 52. Qd1 Rd7 53. Rd3 b4 54. b3 Qc6 55. c4 Rbb7 56. Rd5 Qb6 57. Rb5 Qc6 58. Rba5 Qb6 59. Ra6 Qc7 60. Qg1 Qb8 61. Qf2 Qc7 62. Kg3 Qb8 63. R1a4 Qc7 64. Qe3 Qb8 65. Kf2 Qc7 66. Ke2 Qb8 67. R4a5 Qc7 68. Ra8 Rd8 69. R8a7 Rdb8 70. R7a6 Rd8 71. Qd3 Rb6 72. Qd5 Rxa6 73. Rxa6 Rd7 74. Ra8 Rf7 75. Qb5 Qb7 76. Qe8 Kh6 77. Qg8 Rg7 78. Qe8 Rf7 79. Qg8 Rg7 80. Qd8 Rf7 81. Ra1 Kg7 82. Qxd6 Rd7 83. Qc5 Qb8 84. Rd1 Rxd1 85. Kxd1 Qa8 86. Qe7+ Kg8 87. Qxb4 Qa1+ 88. Ke2 Qh1 89. Qb8+ Kg7 90. Qc7+ Kg8 91. Qd8+ Kg7 92. Qe7+ Kg8 93. Qc5 Qb1 94. Qd5+ Kg7 95. Qd1 Qa2+ 96. Kd3 Qb2 97. Qc2 Qd4+ 98. Ke2 Qg1 99. Qd1 Qg2+ 100. Kd3 Qb2 101. Ke3 Qh2 102. c5 Qa2 103. Kd3 Qa6+ 104. Kc3 Qa5+ 105. b4 Qa3+ 106. Kc4 Qa6+ 107. Kb3 Qb5 108. Qc2 Qc6 109. Qc4 Qd7 110. Qd5 Qa7 111. b5 Qa1 112. Qd3 1-0

[Event "Hamburg-ch MB"]
[Site "Hamburg"]
[Date "2014.06.07"]
[Round "1"]
[White "Opasiak, Dustin Tennessee"]
[Black "Bildat, Juergen"]
[Result "0-1"]
[WhiteElo "1836"]
[BlackElo "2044"]
[PlyCount "58"]
[EventDate "2014.06.07"]
[EventType "swiss"]
[EventRounds "9"]
[EventCountry "GER"]
[SourceTitle "CBM 161 Extra"]
[Source "ChessBase"]
[SourceDate "2014.08.29"]
[SourceVersion "1"]
[SourceVersionDate "2014.08.29"]
[SourceQuality "1"]

1. e4 c5 2. Nf3 e6 3. d3 b5 4. Nbd2 Bb7 5. g3 d5 6. Bg2 Nf6 7. Qe2 Qb6 8. e5 Nfd7 9. 0-0 Be7 10. Re1 0-0 11. Nf1 Nc6 12. h4 c4 13. N1h2 cxd3 14. cxd3 Rac8 15. a3 b4 16. b3 bxa3 17. Bxa3 Bxa3 18. Rxa3 Nb4 19. Rd1 Rc3 20. Ne1 Rfc8 21. Nhf3 Ba6 22. Bf1 Nc5 23. Ng5 h6 24. Qd2 Nxb3 25. Qb2 Nc2 26. Rxa6 Qxa6 27. Nxf7 Kxf7 28. Nxc2 Rxc2 29. Qxb3 Qb6 0-1

[Event "Hamburg St Pauli op-A"]
[Site "Hamburg"]
[Date "2013.07.13"]
[Round "8"]
[White "Moeller, Hendrik"]
[Black "Bildat, Juergen"]
[Result "1-0"]
[WhiteElo "2285"]
[BlackElo "2101"]
[PlyCount "115"]
[EventDate "2013.07.06"]
[EventType "swiss"]
[EventRounds "9"]
[EventCountry "GER"]
[SourceTitle "CBM 155 Extra"]
[Source "ChessBase"]
[SourceDate "2013.08.26"]
[SourceVersion "1"]
[SourceVersionDate "2013.08.26"]
[SourceQuality "1"]

1. c4 Nf6 2. g3 d5 3. cxd5 Nxd5 4. Bg2 g6 5. Nc3 Nb6 6. Nf3 Bg7 7. 0-0 0-0 8. d3 Nc6 9. Be3 e5 10. Rc1 Nd4 11. Bxd4 exd4 12. Ne4 c6 13. Qc2 Qe7 14. Rfe1 Rd8 15. a3 Bg4 16. Nc5 Bh6 17. Rb1 Rab8 18. Nb3 Bg7 19. Qd2 Be6 20. Na5 Bd5 21. Rbc1 h5 22. Rc2 Re8 23. Qf4 Qf6 24. Qxf6 Bxf6 25. Nd2 Kg7 26. Bxd5 Nxd5 27. Ne4 Be7 28. Nb3 f5 29. Ned2 Bf6 30. Nf3 Rbd8 31. Nbxd4 Nb6 32. Nb3 Na4 33. d4 g5 34. e3 g4 35. Nh4 Bxh4 36. gxh4 f4 37. e4 f3 38. Re3 Re7 39. Kf1 Kh6 40. Ke1 Red7 41. Kd2 Re7 42. Kc1 Kg6 43. Rc4 Nb6 44. Rc5 Nd7 45. Rg5+ Kh6 46. e5 Nf8 47. Rf5 Ne6 48. Rf6+ Kg7 49. Re4 Nc7 50. Nc5 b6 51. Rd6 Rde8 52. Nd3 Re6 53. Nf4 Rxd6 54. exd6 Rxe4 55. dxc7 Re8 56. Ne6+ Kf6 57. Nd8 Ke7 58. c8Q 1-0

[Event "Hamburg St Pauli op-A"]
[Site "Hamburg"]
[Date "2013.07.08"]
[Round "3"]
[White "Bildat, Juergen"]
[Black "Soltau, Achim"]
[Result "0-1"]
[WhiteElo "2101"]
[BlackElo "1989"]
[PlyCount "72"]
[EventDate "2013.07.06"]
[EventType "swiss"]
[EventRounds "9"]
[EventCountry "GER"]
[SourceTitle "CBM 155 Extra"]
[Source "ChessBase"]
[SourceDate "2013.08.26"]
[SourceVersion "1"]
[SourceVersionDate "2013.08.26"]
[SourceQuality "1"]

1. e4 c5 2. Nf3 e6 3. d4 cxd4 4. Nxd4 Nc6 5. Nc3 Nf6 6. Ndb5 d6 7. Bf4 e5 8. Bg5 a6 9. Na3 b5 10. Nd5 Be7 11. Bxf6 Bxf6 12. c4 Nd4 13. cxb5 0-0 14. b6 Bb7 15. Nc7 Bxe4 16. Nxa8 Qxa8 17. Rg1 Qc6 18. Rc1 Qxb6 19. Qd2 Qd8 20. Nc4 Bg5 21. Ne3 f5 22. Rc3 f4 23. Nc4 f3 24. Qd1 fxg2 25. Bxg2 Qf6 26. f3 Bh4+ 27. Kd2 Qf4+ 28. Re3 Bg6 29. Kc3 Bf7 30. Rge1 Qxh2 31. Bh1 Bxe1+ 32. Rxe1 Rc8 33. f4 Qg3+ 34. Kd2 Qxf4+ 35. Kc3 Nb5+ 36. Kb3 Qxc4# 0-1

[Event "Hamburg-ch MA"]
[Site "Hamburg"]
[Date "2013.05.24"]
[Round "7"]
[White "Franke, Lutz"]
[Black "Bildat, Juergen"]
[Result "1-0"]
[WhiteElo "2117"]
[BlackElo "2108"]
[PlyCount "87"]
[EventDate "2013.05.18"]
[EventType "swiss"]
[EventRounds "9"]
[EventCountry "GER"]
[SourceTitle "EXT 2022"]
[Source "ChessBase"]
[SourceDate "2021.10.06"]
[SourceVersion "1"]
[SourceVersionDate "2021.10.06"]
[SourceQuality "1"]

1. d4 Nf6 2. c4 g6 3. Nc3 d5 4. Nf3 Bg7 5. Qa4+ Bd7 6. Qb3 dxc4 7. Qxc4 0-0 8. e4 b5 9. Nxb5 Nxe4 10. Qxc7 Nc6 11. Bd3 Nxd4 12. Qxd8 Raxd8 13. Nbxd4 Nc5 14. Bc4 e5 15. Nb3 Nxb3 16. axb3 e4 17. Nd2 Bc6 18. 0-0 Bd4 19. Re1 Rfe8 20. Nf1 Kg7 21. Be3 Bxb2 22. Rxa7 Bd5 23. Bb6 Rd6 24. Bc5 Rdd8 25. Ne3 Bxc4 26. Nxc4 Bc3 27. Rb1 Bd4 28. Bxd4+ Rxd4 29. Rb7 Kg8 30. Ra1 f5 31. g3 g5 32. Raa7 h6 33. Rg7+ Kh8 34. Rh7+ Kg8 35. Rxh6 f4 36. Rg6+ Kh8 37. gxf4 gxf4 38. Ra5 Kh7 39. Rg4 Rd1+ 40. Kg2 f3+ 41. Kh3 Re6 42. Rh5+ Rh6 43. Rxh6+ Kxh6 44. Rxe4 1-0

[Event "Hamburg-ch MB"]
[Site "Hamburg"]
[Date "2012.06.01"]
[Round "7"]
[White "Bildat, Juergen"]
[Black "Reuter, Maximilian"]
[Result "1-0"]
[WhiteElo "2084"]
[BlackElo "1729"]
[PlyCount "51"]
[EventDate "2012.05.26"]
[EventType "swiss"]
[EventRounds "9"]
[EventCountry "GER"]
[SourceTitle "CBM 148 Extra"]
[Source "ChessBase"]
[SourceDate "2012.06.22"]
[SourceVersion "1"]
[SourceVersionDate "2012.06.22"]
[SourceQuality "1"]

1. e4 e5 2. Nf3 Nc6 3. Bb5 Nd4 4. Nxd4 exd4 5. d3 h5 6. 0-0 c6 7. Bc4 Bc5 8. Nd2 Nf6 9. Nf3 d5 10. exd5 Nxd5 11. Re1+ Be6 12. Ng5 Qd6 13. Qf3 Rf8 14. Ne4 Qe7 15. Bg5 f6 16. Nxc5 Qxc5 17. Rxe6+ Kd7 18. Rae1 fxg5 19. Qe4 Rf4 20. Qe5 Raf8 21. b4 Qxb4 22. Bxd5 cxd5 23. Re7+ Kc6 24. Qc7+ Kb5 25. Qxb7+ Ka4 26. Qc6+ 1-0

[Event "Hamburg St Pauli op-A"]
[Site "Hamburg"]
[Date "2011.07.15"]
[Round "8"]
[White "Groetzbach, Julian"]
[Black "Bildat, Juergen"]
[Result "1/2-1/2"]
[WhiteElo "1884"]
[BlackElo "2106"]
[PlyCount "72"]
[EventDate "2011.07.09"]
[EventType "swiss"]
[EventRounds "9"]
[EventCountry "GER"]
[SourceTitle "CBM 143 Extra"]
[Source "ChessBase"]
[SourceDate "2011.08.29"]
[SourceVersion "1"]
[SourceVersionDate "2011.08.29"]
[SourceQuality "1"]

1. e4 c5 2. Nf3 e6 3. b3 a6 4. Bb2 d6 5. d4 cxd4 6. Nxd4 Nf6 7. Bd3 b5 8. 0-0 Bb7 9. Qe2 e5 10. Nf5 g6 11. Ng3 Bg7 12. c4 bxc4 13. Bxc4 0-0 14. Rd1 Nc6 15. Nd2 Qb6 16. Nf3 Na5 17. Ba3 Rfd8 18. Rd2 Nxc4 19. bxc4 Qc6 20. Rad1 Nxe4 21. Nxe4 Qxe4 22. Qxe4 Bxe4 23. Rxd6 Rxd6 24. Bxd6 Rd8 25. c5 f6 26. Nd2 Bc6 27. Nc4 Bf8 28. Na5 Bb5 29. Rc1 Bxd6 30. Nb7 Bc7 31. Nxd8 Bxd8 32. c6 Bc7 33. Rd1 Ba5 34. Rc1 Bc7 35. Rd1 Ba5 36. Rc1 Bc7 1/2-1/2

[Event "Hamburg St Pauli op-A"]
[Site "Hamburg"]
[Date "2011.07.12"]
[Round "5"]
[White "Kuegel, Tobias"]
[Black "Bildat, Juergen"]
[Result "1/2-1/2"]
[WhiteElo "2038"]
[BlackElo "2106"]
[PlyCount "35"]
[EventDate "2011.07.09"]
[EventType "swiss"]
[EventRounds "9"]
[EventCountry "GER"]
[SourceTitle "CBM 143 Extra"]
[Source "ChessBase"]
[SourceDate "2011.08.29"]
[SourceVersion "1"]
[SourceVersionDate "2011.08.29"]
[SourceQuality "1"]

1. e4 c5 2. Nf3 d6 3. Bb5+ Bd7 4. Bxd7+ Qxd7 5. c4 Nf6 6. Nc3 g6 7. d4 cxd4 8. Nxd4 Bg7 9. f3 0-0 10. Be3 Nc6 11. Qd2 Rfc8 12. b3 a6 13. Rc1 Qd8 14. 0-0 Nd7 15. Rfd1 Qa5 16. Kf2 Nxd4 17. Bxd4 b5 18. Nd5 1/2-1/2

[Event "Hamburg HSK B"]
[Site "Hamburg"]
[Date "2011.01.03"]
[Round "2"]
[White "Juergens, Bernhard"]
[Black "Bildat, Juergen"]
[Result "0-1"]
[WhiteElo "2063"]
[BlackElo "2006"]
[PlyCount "108"]
[EventDate "2011.01.02"]
[EventType "tourn"]
[EventRounds "6"]
[EventCountry "GER"]
[SourceTitle "EXT 2022"]
[Source "ChessBase"]
[SourceDate "2021.10.06"]
[SourceVersion "1"]
[SourceVersionDate "2021.10.06"]
[SourceQuality "1"]

1. f4 d5 2. Nf3 Nf6 3. g3 g6 4. Bg2 Bg7 5. 0-0 0-0 6. d3 c5 7. c3 Nc6 8. Na3 Rb8 9. Qe1 b5 10. e4 b4 11. Nb1 dxe4 12. dxe4 e5 13. Be3 Nd7 14. f5 Qa5 15. Nbd2 Ba6 16. Nb3 Qc7 17. Rf2 Na5 18. cxb4 cxb4 19. Rc1 Qd8 20. Bxa7 Nxb3 21. axb3 Rb7 22. Be3 Nf6 23. Rd2 Qb8 24. Bc5 Re8 25. Bd6 Qa7+ 26. Bc5 Qb8 27. Bd6 Qa7+ 28. Kh1 Bh6 29. Bxe5 Bxd2 30. Qxd2 Nxe4 31. Qd4 Nf2+ 32. Kg1 Nd3 33. Rd1 Nxe5 34. Nxe5 Rxe5 35. Bxb7 Qxd4+ 36. Rxd4 Bxb7 37. Rxb4 Bc6 38. Rb6 Be8 39. fxg6 hxg6 40. Kf2 Kf8 41. h4 Bd7 42. Kf3 Rf5+ 43. Ke3 Rf1 44. Rb4 Rb1 45. Rd4 Be6 46. Rd2 Bxb3 47. Kf4 Be6 48. Kg5 Kg7 49. Rf2 Rd1 50. Kf4 Rd3 51. Rg2 Rd4+ 52. Ke3 Rb4 53. Re2 Kh6 54. Kf3 Bg4+ 0-1

[Event "Hamburg Junge op"]
[Site "Hamburg"]
[Date "2005.10.03"]
[Round "3"]
[White "Castle, Kenneth"]
[Black "Bildat, Juergen"]
[Result "1/2-1/2"]
[WhiteElo "1941"]
[BlackElo "2157"]
[PlyCount "58"]
[EventDate "2005.10.01"]
[EventType "swiss"]
[EventRounds "9"]
[EventCountry "GER"]
[SourceTitle "CBM 108 Extra"]
[Source "ChessBase"]
[SourceDate "2005.11.04"]
[SourceVersion "1"]
[SourceVersionDate "2005.11.04"]
[SourceQuality "1"]

1. e4 c5 2. Nc3 a6 3. g3 b5 4. d3 Bb7 5. Bg2 e6 6. Nf3 b4 7. Ne2 d5 8. exd5 Bxd5 9. Nf4 Bb7 10. 0-0 Nf6 11. Qe2 Be7 12. Re1 Qb6 13. Ne5 Bxg2 14. Nxg2 0-0 15. Ne3 a5 16. N3c4 Qa6 17. Bg5 Nd5 18. Bxe7 Nxe7 19. f4 Rd8 20. Qf2 Qa7 21. Rad1 Nbc6 22. Nxc6 Nxc6 23. f5 exf5 24. Qxf5 Nd4 25. Qf2 Qb7 26. Re3 a4 27. Rde1 Ne6 28. Ne5 Nf8 29. Nc4 Ne6 1/2-1/2

[Event "Hamburg Junge op"]
[Site "Hamburg"]
[Date "2005.10.01"]
[Round "1"]
[White "Knauer, Frank"]
[Black "Bildat, Juergen"]
[Result "0-1"]
[WhiteElo "1803"]
[BlackElo "2157"]
[PlyCount "54"]
[EventDate "2005.10.01"]
[EventType "swiss"]
[EventRounds "9"]
[EventCountry "GER"]
[SourceTitle "CBM 108 Extra"]
[Source "ChessBase"]
[SourceDate "2005.11.04"]
[SourceVersion "1"]
[SourceVersionDate "2005.11.04"]
[SourceQuality "1"]

1. e4 c5 2. d4 cxd4 3. c3 dxc3 4. Nxc3 e6 5. Nf3 Nc6 6. Bc4 Qc7 7. Qe2 Nf6 8. 0-0 Ng4 9. g3 Nge5 10. Nxe5 Nxe5 11. Bb3 a6 12. Bf4 d6 13. Rac1 Qb8 14. Be3 Be7 15. f4 Nc6 16. f5 0-0 17. fxe6 Bxe6 18. Bxe6 fxe6 19. Qg4 Qc8 20. Bh6 Rxf1+ 21. Rxf1 g6 22. Qf4 Ne5 23. Qd2 Ng4 24. Bf4 Qc5+ 25. Kg2 Rd8 26. h3 Ne5 27. Be3 Nc4 0-1

[Event "Davos op 4th"]
[Site "Davos"]
[Date "2005.08.02"]
[Round "4"]
[White "Giacomini, Plinio"]
[Black "Bildat, Juergen"]
[Result "0-1"]
[WhiteElo "2057"]
[BlackElo "2163"]
[PlyCount "94"]
[EventDate "2005.07.30"]
[EventType "swiss"]
[EventRounds "9"]
[EventCountry "SUI"]
[SourceTitle "EXT 2006"]
[Source "ChessBase"]
[SourceDate "2005.11.24"]
[SourceVersion "1"]
[SourceVersionDate "2005.11.24"]
[SourceQuality "1"]

1. e4 c5 2. Nf3 e6 3. d4 cxd4 4. Nxd4 a6 5. Bd3 Bc5 6. Nb3 Be7 7. Qe2 d6 8. Nc3 b5 9. a3 Bb7 10. 0-0 Nf6 11. Bf4 Nbd7 12. Rad1 Qb6 13. Kh1 0-0 14. Qf3 Rfd8 15. Qh3 Ne5 16. Be3 Qc7 17. f4 Nxd3 18. cxd3 Rac8 19. Nd4 Qd7 20. Qg3 Bf8 21. Nf3 Kh8 22. Qh3 Kg8 23. Ng5 e5 24. f5 d5 25. Bb6 Re8 26. Qh4 d4 27. Ne2 Rc2 28. Ng3 h6 29. Nf3 Rxb2 30. Rc1 Bd6 31. Ba5 Rb3 32. Bd2 Bf8 33. Nh5 Nxh5 34. Qxh5 Rxd3 35. Rc2 Bxe4 36. Bxh6 Bxf3 37. gxf3 f6 38. Rg2 Re7 39. Rg3 Rxa3 40. Bc1 Rc3 41. Rh3 Re8 42. Qh7+ Kf7 43. Bh6 Qc6 44. Qg6+ Ke7 45. Bxg7 Bxg7 46. Qxg7+ Kd8 47. Qa7 Kc8 0-1

[Event "Canarias en Red prel 4th"]
[Site "Playchess.com INT"]
[Date "2004.05.06"]
[Round "1"]
[White "Hummel, Dirk"]
[Black "Bildat, Juergen"]
[Result "1-0"]
[WhiteElo "2266"]
[BlackElo "2175"]
[PlyCount "37"]
[EventDate "2004.05.06"]
[EventType "swiss (blitz)"]
[EventRounds "13"]
[EventCountry "GER"]
[SourceTitle "EXT 2005"]
[Source "ChessBase"]
[SourceDate "2004.11.15"]
[SourceVersion "1"]
[SourceVersionDate "2004.11.15"]
[SourceQuality "1"]

1. d4 Nf6 2. c4 g6 3. Nc3 d5 4. Nf3 Bg7 5. e3 0-0 6. b4 Bg4 7. h3 Bxf3 8. Qxf3 c6 9. Bd3 dxc4 10. Bxc4 Nbd7 11. 0-0 Nb6 12. Bb3 Nfd5 13. Nxd5 Nxd5 14. a3 Re8 15. Bb2 Qc7 16. Rac1 e5 17. Bxd5 exd4 18. Bxd4 Bxd4 19. exd4 1-0

[Event "Canarias en Red prel 4th"]
[Site "Playchess.com INT"]
[Date "2004.05.06"]
[Round "12"]
[White "Solaroli, Riccardo"]
[Black "Bildat, Juergen"]
[Result "0-1"]
[WhiteElo "2006"]
[BlackElo "2175"]
[PlyCount "40"]
[EventDate "2004.05.06"]
[EventType "swiss (blitz)"]
[EventRounds "13"]
[EventCountry "GER"]
[SourceTitle "EXT 2005"]
[Source "ChessBase"]
[SourceDate "2004.11.15"]
[SourceVersion "1"]
[SourceVersionDate "2004.11.15"]
[SourceQuality "1"]

1. e4 c5 2. c3 d5 3. exd5 Qxd5 4. d4 Nf6 5. Nf3 Bg4 6. Be2 e6 7. Na3 a6 8. 0-0 Be7 9. Nc2 0-0 10. Bf4 Qd7 11. Ne5 Bxe2 12. Qxe2 Qa4 13. Rfe1 Nbd7 14. Nxd7 Nxd7 15. b3 Qa5 16. c4 cxd4 17. Nxd4 Bf6 18. Nxe6 Rfe8 19. Qd3 Bxa1 20. Qxd7 Qxe1# 0-1